[Event "Asia-ch Amateur"]
[Site "Dubai"]
[Date "2023.09.01"]
[Round "7"]
[White "Pathak, Anshu Kr"]
[Black "Tamura, Hikaru"]
[Result "0-1"]
[WhiteElo "1570"]
[BlackElo "1890"]
[PlyCount "68"]
[EventDate "2023.08.28"]
[EventType "swiss"]
[EventRounds "9"]
[EventCountry "UAE"]
[SourceTitle "CBM 216 Extra"]
[Source "ChessBase"]
[SourceDate "2023.11.30"]
[SourceVersion "1"]
[SourceVersionDate "2023.11.30"]
[SourceQuality "1"]

1. e4 e5 2. Nf3 Nc6 3. d4 exd4 4. Nxd4 Nf6 5. Nxc6 bxc6 6. e5 Qe7 7. Qe2 Nd5 8. h4 f6 9. c4 Ba6 10. Rh3 fxe5 11. Ra3 Nb4 12. Bg5 Qe6 13. Ra5 d6 14. Na3 Bb7 15. Qe4 d5 16. cxd5 cxd5 17. Qe2 Bd6 18. Qf3 e4 19. Qc3 0-0 20. Nb5 Nd3+ 21. Bxd3 exd3+ 22. Be3 Qg4 23. Nd4 c5 24. Rxc5 Bxc5 25. Qxc5 Rac8 26. Qb5 Qxg2 27. Kd2 Rxf2+ 28. Bxf2 Qxf2+ 29. Kxd3 Qg3+ 30. Kd2 Qf4+ 31. Ke1 Qxh4+ 32. Kf1 Rf8+ 33. Ke2 Qe4+ 34. Kd2 Qxd4+ 0-1

[Event "JPN-ch"]
[Site "Tokyo"]
[Date "2023.05.03"]
[Round "2"]
[White "Nanjo, Ryosuke"]
[Black "Tamura, Hikaru"]
[Result "1-0"]
[WhiteElo "2338"]
[BlackElo "1936"]
[PlyCount "61"]
[EventDate "2023.05.03"]
[EventType "swiss"]
[EventRounds "9"]
[EventCountry "JPN"]
[SourceTitle "CBM 214 Extra"]
[Source "ChessBase"]
[SourceDate "2023.07.31"]
[SourceVersion "1"]
[SourceVersionDate "2023.07.31"]
[SourceQuality "1"]

1. e4 Nf6 2. Nc3 e5 3. Bc4 Bc5 4. d3 c6 5. Nf3 d6 6. a3 a5 7. h3 Nbd7 8. 0-0 0-0 9. Be3 Re8 10. Ba2 Nf8 11. Bxc5 dxc5 12. Ng5 Ne6 13. f4 exf4 14. Bxe6 Bxe6 15. Rxf4 Qd6 16. Rf2 Rad8 17. Qe2 Qg3 18. Nxe6 Rxe6 19. Raf1 b5 20. Rf5 b4 21. Na4 c4 22. Nc5 cxd3 23. cxd3 Ree8 24. R1f4 Nd5 25. Rf3 Qb8 26. Rxf7 bxa3 27. bxa3 Nc3 28. Qe3 Rf8 29. Rxg7+ Kxg7 30. Ne6+ Kh8 31. Rxf8+ 1-0